| 000 | 00799nam a22002417a 4500 | ||
|---|---|---|---|
| 005 | 20171103121119.0 | ||
| 010 | _aENG-121141 | ||
| 020 |
_a9788131252550 _c2795.00 |
||
| 035 | _aEN-104673 | ||
| 037 | _bDBAD/PUB | ||
| 082 | _a342.54 | ||
| 100 | _aBasu, Durga Das | ||
| 245 |
_aCommentary on the Constitution of India / _cby Durga Das Basu |
||
| 250 | _a9th ed by S.S. Subramani ; foreworded by M.N. Venkatachaliah | ||
| 260 |
_aGurgaon _bLexis Nexis _c2017 |
||
| 270 |
_a14th Floor, Bldg No.10, Tower-B, DLF Cyber City, Phase-II _bGurgaon _e122002 |
||
| 300 |
_aV.9-(ccxI,9125-10267 [27])p. _c25cm(Hb) |
||
| 500 | _aIncludes index | ||
| 505 | _aV.9- Article 124 to213 | ||
| 700 | _aSubramani, S.S. | ||
| 700 | _a Venkatachaliah,M.N. | ||
| 942 |
_2ddc _cEN _mBAS _h342.54 |
||
| 999 |
_c147095 _d147095 |
||